[Event "14. Obert Int. Sant Marti 2012"]
[Site "Barcelona ESP"]
[Date "2012.07.15"]
[Round "3.22"]
[White "Palit, Somak"]
[Black "Capellades Subirana, Marc"]
[Result "0-1"]
[WhiteElo "2393"]
[BlackElo "2233"]
[PlyCount "88"]
[EventDate "2012.07.13"]
[EventType "swiss"]
[EventRounds "9"]
[EventCountry "ESP"]
[SourceTitle "Ajedrez en Madrid"]
[Source "lmi"]
[SourceDate "2012.07.13"]
[SourceVersion "1"]
[SourceVersionDate "2019.06.21"]
[SourceQuality "1"]

1. d4 Nf6 2. Nc3 d5 3. Bg5 Bf5 4. f3 c6 5. Qd2 Nbd7 6. O-O-O Nb6 7. Qf4 Be6 8.
e4 h6 9. Bxf6 exf6 10. Qe3 Be7 11. Nh3 Bxh3 12. gxh3 Qc7 13. exd5 Nxd5 14. Nxd5
cxd5 15. Bb5+ Kf8 16. Rde1 g6 17. Re2 Bd6 18. Kb1 a6 19. Ba4 Kg7 20. h4 h5 21.
Rg2 Bf4 22. Qf2 b5 23. Bb3 Qd7 24. c3 Rhe8 25. Bc2 Re7 26. a3 Rae8 27. Bd3 f5
28. Qc2 Kh6 29. Ka2 a5 30. Qb3 Rb8 31. Kb1 Re3 32. Qd1 b4 33. cxb4 axb4 34.
axb4 Rxb4 35. Re1 Qa7 36. Rxe3 Bxe3 37. Qe2 f4 38. Bb5 Qa5 39. Be8 Rc4 40. Rg1
Bxg1 41. Qe5 Kh7 42. Bxf7 Bxd4 43. Qe6 Qb6 44. Bxg6+ Kh6 0-1

[Event "14. Obert Int. Sant Marti 2012"]
[Site "Barcelona ESP"]
[Date "2012.07.15"]
[Round "3.23"]
[White "Grafl, Florian"]
[Black "Ramesa, Marin"]
[Result "1/2-1/2"]
[WhiteElo "2387"]
[BlackElo "2214"]
[PlyCount "96"]
[EventDate "2012.07.13"]
[EventType "swiss"]
[EventRounds "9"]
[EventCountry "ESP"]
[SourceTitle "Ajedrez en Madrid"]
[Source "lmi"]
[SourceDate "2012.07.13"]
[SourceVersion "1"]
[SourceVersionDate "2019.06.21"]
[SourceQuality "1"]

1. e4 c5 2. a3 e6 3. b4 b6 4. bxc5 bxc5 5. Nf3 Bb7 6. Nc3 Nf6 7. Rb1 Bxe4 8.
Nxe4 Nxe4 9. Bb2 Nf6 10. Ne5 Nc6 11. Nxc6 dxc6 12. Ba6 Qd5 13. O-O Be7 14. c4
Qd6 15. Qe2 Rd8 16. Bc3 O-O 17. Rb7 Nd7 18. Ba5 Rde8 19. Bc7 Qd4 20. Rb3 Nf6
21. Re1 h5 22. h3 Qh4 23. Bb7 e5 24. Bxc6 Rc8 25. Rb7 Bd8 26. Qxe5 Bxc7 27.
Rxc7 Qxc4 28. Rxc8 Rxc8 29. Bf3 Re8 30. Qxe8+ Nxe8 31. Rxe8+ Kh7 32. Re7 a5 33.
g3 g6 34. Kg2 Kg7 35. Ra7 Qa4 36. Bd5 Qxa3 37. Rxf7+ Kh8 38. Bc4 a4 39. d3 Qc3
40. Ra7 g5 41. Kf3 Qb2 42. Kg2 Qa1 43. Kf3 Qb2 44. h4 Qf6+ 45. Kg2 Qb2 46. Kf1
Qc1+ 47. Kg2 Qb2 48. Kf1 Qc1+ 1/2-1/2

[Event "14. Obert Int. Sant Marti 2012"]
[Site "Barcelona ESP"]
[Date "2012.07.15"]
[Round "3.24"]
[White "Sanchez Ibern, Marc"]
[Black "Deleyn, Gunter"]
[Result "1-0"]
[WhiteElo "2364"]
[BlackElo "2197"]
[PlyCount "69"]
[EventDate "2012.07.13"]
[EventType "swiss"]
[EventRounds "9"]
[EventCountry "ESP"]
[SourceTitle "Ajedrez en Madrid"]
[Source "lmi"]
[SourceDate "2012.07.13"]
[SourceVersion "1"]
[SourceVersionDate "2019.06.21"]
[SourceQuality "1"]

1. e4 g6 2. d4 Bg7 3. Nc3 d6 4. Be3 a6 5. Qd2 b5 6. f3 Bb7 7. h4 h5 8. Nh3 Nd7
9. Ng5 Ngf6 10. O-O-O Qc8 11. Kb1 c5 12. dxc5 dxc5 13. Nd5 Bxd5 14. exd5 O-O
15. d6 e5 16. g4 c4 17. gxh5 Nxh5 18. Bh3 Qc6 19. Rhg1 Rfd8 20. f4 c3 21. bxc3
exf4 22. Bd4 Rac8 23. Bxg7 Kxg7 24. Qd4+ Nhf6 25. h5 Qxc3 26. Qxc3 Rxc3 27.
hxg6 Nc5 28. gxf7 Rg3 29. Rxg3 fxg3 30. Bf5 g2 31. Rg1 Rxd6 32. Rxg2 Rd5 33.
Ne6+ Kxf7 34. Rg7+ Ke8 35. Bg6# 1-0

[Event "14. Obert Int. Sant Marti 2012"]
[Site "Barcelona ESP"]
[Date "2012.07.15"]
[Round "3.25"]
[White "Lacasta Palacio, Joaquim"]
[Black "Mammadova, Gulnar"]
[Result "1/2-1/2"]
[WhiteElo "2195"]
[BlackElo "2341"]
[PlyCount "62"]
[EventDate "2012.07.13"]
[EventType "swiss"]
[EventRounds "9"]
[EventCountry "ESP"]
[SourceTitle "Ajedrez en Madrid"]
[Source "lmi"]
[SourceDate "2012.07.13"]
[SourceVersion "1"]
[SourceVersionDate "2019.06.21"]
[SourceQuality "1"]

1. g3 d5 2. Nf3 e6 3. Bg2 g6 4. O-O Bg7 5. d4 Nf6 6. c3 O-O 7. Bf4 b6 8. Qc1
Bb7 9. Bh6 c5 10. Bxg7 Kxg7 11. e3 Nbd7 12. Nbd2 Qc7 13. b3 Rac8 14. Qa3 a5 15.
Rac1 c4 16. Rfe1 b5 17. Qb2 e5 18. Nxe5 Nxe5 19. dxe5 Nd7 20. Nf3 Bc6 21. b4
Ra8 22. a3 Rfe8 23. Red1 Nxe5 24. Nd4 axb4 25. cxb4 f6 26. Rc3 Qd7 27. Qd2 Re7
28. h3 h5 29. Kh2 f5 30. Bf3 Qe6 31. Kg2 Qf6 1/2-1/2

[Event "14. Obert Int. Sant Marti 2012"]
[Site "Barcelona ESP"]
[Date "2012.07.15"]
[Round "3.26"]
[White "Mestre Bellido, Hector"]
[Black "Busquets, Luis"]
[Result "1-0"]
[WhiteElo "2339"]
[BlackElo "2193"]
[PlyCount "101"]
[EventDate "2012.07.13"]
[EventType "swiss"]
[EventRounds "9"]
[EventCountry "ESP"]
[SourceTitle "Ajedrez en Madrid"]
[Source "lmi"]
[SourceDate "2012.07.13"]
[SourceVersion "1"]
[SourceVersionDate "2019.06.21"]
[SourceQuality "1"]

1. e4 c5 2. Nf3 d6 3. d4 cxd4 4. Nxd4 Nf6 5. Nc3 a6 6. g3 e5 7. Nde2 Be7 8. Bg2
O-O 9. O-O Nbd7 10. a4 b6 11. h3 Bb7 12. g4 Nc5 13. Ng3 Ne6 14. Be3 g6 15. Qe2
Nf4 16. Bxf4 exf4 17. Nh1 Nd7 18. Qd2 g5 19. Rfe1 Ne5 20. Nd5 Re8 21. Qb4 Rc8
22. Qb3 Bxd5 23. exd5 Qc7 24. Be4 Qc5 25. Kg2 Nc4 26. Rad1 Bf6 27. c3 Re7 28.
Qc2 Kg7 29. Re2 b5 30. axb5 axb5 31. Bf3 Be5 32. Qf5 f6 33. Be4 Rh8 34. Bb1 Nb6
35. Qe4 Nd7 36. Bc2 Nf8 37. Qd3 Ng6 38. f3 Nh4+ 39. Kf1 h5 40. Nf2 hxg4 41.
hxg4 Qa7 42. Ne4 Rh6 43. Rf2 Rb7 44. Nd2 Qe3 45. Ra1 Qxd3+ 46. Bxd3 b4 47. Ke2
Ng6 48. Bxg6 Kxg6 49. Kd3 f5 50. Rg1 fxg4 51. Rxg4 1-0

[Event "14. Obert Int. Sant Marti 2012"]
[Site "Barcelona ESP"]
[Date "2012.07.15"]
[Round "3.27"]
[White "Meza Martinez, Alcides Ivan"]
[Black "Rodriguez, Eric"]
[Result "0-1"]
[WhiteElo "2187"]
[BlackElo "2327"]
[PlyCount "80"]
[EventDate "2012.07.13"]
[EventType "swiss"]
[EventRounds "9"]
[EventCountry "ESP"]
[SourceTitle "Ajedrez en Madrid"]
[Source "lmi"]
[SourceDate "2012.07.13"]
[SourceVersion "1"]
[SourceVersionDate "2019.06.21"]
[SourceQuality "1"]

1. c4 c5 2. g3 g6 3. Bg2 Bg7 4. e3 Nc6 5. Ne2 Nf6 6. Nbc3 d6 7. O-O Bd7 8. d4
O-O 9. b3 a6 10. dxc5 dxc5 11. Bb2 Ne8 12. Qc1 Nd6 13. Na4 Ne5 14. Nxc5 Bg4 15.
f3 b6 16. Bxe5 Bxe5 17. Nd3 Bxa1 18. Qxa1 Bc8 19. Ne5 Qc7 20. Nf4 Bb7 21. h4
Nf5 22. h5 g5 23. Bh3 Nxe3 24. Ne6 Qd6 25. Nxg5 Nxf1 26. Bf5 Qf6 27. Bxh7+ Kh8
28. Kxf1 Bxf3 29. Kg1 Bxh5 30. g4 Bg6 31. Bxg6 fxg6 32. Nxg6+ Kg7 33. Qxf6+
Rxf6 34. Nxe7 Re8 35. Nf5+ Kg6 36. Nh3 Re4 37. Nf2 Re2 38. a4 Kg5 39. Kf1 Rxf2+
40. Kxf2 Kxg4 0-1

[Event "14. Obert Int. Sant Marti 2012"]
[Site "Barcelona ESP"]
[Date "2012.07.15"]
[Round "3.28"]
[White "Dave, Dhyani"]
[Black "Dominguez Pons, Eric"]
[Result "1/2-1/2"]
[WhiteElo "2170"]
[BlackElo "2325"]
[PlyCount "37"]
[EventDate "2012.07.13"]
[EventType "swiss"]
[EventRounds "9"]
[EventCountry "ESP"]
[SourceTitle "Ajedrez en Madrid"]
[Source "lmi"]
[SourceDate "2012.07.13"]
[SourceVersion "1"]
[SourceVersionDate "2019.06.21"]
[SourceQuality "1"]

1. e4 c5 2. Nf3 d6 3. d4 cxd4 4. Qxd4 a6 5. h3 Nc6 6. Qe3 g6 7. c4 Bg7 8. Be2
Nf6 9. O-O O-O 10. Nc3 b6 11. Rb1 Bb7 12. b3 Nd7 13. Bb2 Nce5 14. Nd4 Nc6 15.
Nf3 Nc5 16. Nd5 e6 17. Bxg7 Kxg7 18. Nc3 e5 19. Rfd1 1/2-1/2

[Event "14. Obert Int. Sant Marti 2012"]
[Site "Barcelona ESP"]
[Date "2012.07.15"]
[Round "3.29"]
[White "Konguvel, Ponnuswamy"]
[Black "Hernandez Moya, Yuleisy"]
[Result "1-0"]
[WhiteElo "2319"]
[BlackElo "2177"]
[PlyCount "89"]
[EventDate "2012.07.13"]
[EventType "swiss"]
[EventRounds "9"]
[EventCountry "ESP"]
[SourceTitle "Ajedrez en Madrid"]
[Source "lmi"]
[SourceDate "2012.07.13"]
[SourceVersion "1"]
[SourceVersionDate "2019.06.21"]
[SourceQuality "1"]

1. e4 e6 2. d4 d5 3. Nc3 Bb4 4. e5 c5 5. a3 Bxc3+ 6. bxc3 Ne7 7. Qg4 Qc7 8.
Qxg7 Rg8 9. Qxh7 cxd4 10. Ne2 Nbc6 11. f4 dxc3 12. Qd3 Bd7 13. Nxc3 a6 14. Ne2
O-O-O 15. Rb1 Nf5 16. Rg1 Na5 17. g4 Nh4 18. Nd4 Nc4 19. Rg3 Kb8 20. Qc3 Rc8
21. Bxc4 dxc4 22. Be3 Bc6 23. Kf2 Bd5 24. Ne2 Ng6 25. Qd4 Rce8 26. Qa7+ Kc8 27.
Bc5 Qb8 28. Qb6 Qc7 29. Qb4 Rh8 30. h3 Ne7 31. Bd6 Nc6 32. Qc5 Qa5 33. Qxa5
Nxa5 34. Nc3 Kd7 35. Rb6 Rc8 36. Bb4 Nc6 37. Rxb7+ Rc7 38. Rb6 Nxb4 39. axb4
Bb7 40. Na4 Ke7 41. Nc5 Bc8 42. Ne4 Rd8 43. Rd6 Bb7 44. Rxd8 Kxd8 45. Nd6 1-0

[Event "14. Obert Int. Sant Marti 2012"]
[Site "Barcelona ESP"]
[Date "2012.07.15"]
[Round "3.30"]
[White "Mamedjarova, Zeinab"]
[Black "Shatko, Danil"]
[Result "1/2-1/2"]
[WhiteElo "2307"]
[BlackElo "2143"]
[PlyCount "77"]
[EventDate "2012.07.13"]
[EventType "swiss"]
[EventRounds "9"]
[EventCountry "ESP"]
[SourceTitle "Ajedrez en Madrid"]
[Source "lmi"]
[SourceDate "2012.07.13"]
[SourceVersion "1"]
[SourceVersionDate "2019.06.21"]
[SourceQuality "1"]

1. d4 Nf6 2. Nf3 e6 3. e3 d5 4. Nbd2 Bd6 5. Bd3 O-O 6. b3 b6 7. Ne5 Qe7 8. f4
Bb7 9. Qf3 Bb4 10. O-O Bc3 11. Rb1 c5 12. g4 cxd4 13. g5 Ne4 14. Nxe4 dxe4 15.
Bxe4 Bxe4 16. Qxe4 Na6 17. exd4 Rac8 18. Rf3 Qd6 19. Rd3 Rfd8 20. Bb2 Bxb2 21.
Rxb2 Qa3 22. Rb1 Qxa2 23. Rbd1 Qxc2 24. Qb7 Nc7 25. Nc6 Nd5 26. Nxd8 Rxd8 27.
Qxa7 Nxf4 28. R3d2 Qxb3 29. Qb7 Qe3+ 30. Kh1 Nd5 31. Rf1 Rf8 32. Rdf2 Qe4+ 33.
Rf3 g6 34. h3 Qxd4 35. Rxf7 Qe4+ 36. R1f3 Qe1+ 37. Kh2 Qe5+ 38. Kh1 Qe1+ 39.
Kh2 1/2-1/2

[Event "14. Obert Int. Sant Marti 2012"]
[Site "Barcelona ESP"]
[Date "2012.07.15"]
[Round "3.31"]
[White "Asensio Linan, Teodoro"]
[Black "Ryan, Joseph"]
[Result "1-0"]
[WhiteElo "2120"]
[BlackElo "2300"]
[PlyCount "42"]
[EventDate "2012.07.13"]
[EventType "swiss"]
[EventRounds "9"]
[EventCountry "ESP"]
[SourceTitle "Ajedrez en Madrid"]
[Source "lmi"]
[SourceDate "2012.07.13"]
[SourceVersion "1"]
[SourceVersionDate "2019.06.21"]
[SourceQuality "1"]

1. e4 g6 2. d4 Bg7 3. Nf3 c6 4. Nc3 d5 5. h3 Nh6 6. exd5 cxd5 7. Bb5+ Bd7 8.
Qe2 a6 9. Bxd7+ Qxd7 10. Bxh6 Bxh6 11. Qe5 O-O 12. Qxd5 Rd8 13. Qe4 f5 14. Qe2
Nc6 15. Rd1 Bg7 16. O-O e6 17. d5 exd5 18. Nxd5 Re8 19. Qc4 Na5 20. Ne7+ Kh8
21. Nxg6+ hxg6 1-0

[Event "14. Obert Int. Sant Marti 2012"]
[Site "Barcelona ESP"]
[Date "2012.07.15"]
[Round "3.32"]
[White "Layola Barrionuevo, Javier"]
[Black "Napoli, Nicolo'"]
[Result "0-1"]
[WhiteElo "2061"]
[BlackElo "2298"]
[PlyCount "116"]
[EventDate "2012.07.13"]
[EventType "swiss"]
[EventRounds "9"]
[EventCountry "ESP"]
[SourceTitle "Ajedrez en Madrid"]
[Source "lmi"]
[SourceDate "2012.07.13"]
[SourceVersion "1"]
[SourceVersionDate "2019.06.21"]
[SourceQuality "1"]

1. e4 c6 2. d4 d5 3. e5 c5 4. dxc5 e6 5. Be3 Qc7 6. Nf3 Bd7 7. c3 Nh6 8. Bd3
Bxc5 9. Bxc5 Qxc5 10. O-O Bb5 11. Na3 Bxd3 12. Qxd3 Nc6 13. Nb5 O-O 14. Nbd4
Qe7 15. Rae1 Rac8 16. h3 a6 17. Nxc6 Rxc6 18. Nd4 Rc4 19. Re3 b5 20. a3 Rb8 21.
g4 Kh8 22. f4 a5 23. f5 b4 24. axb4 axb4 25. f6 gxf6 26. Rxf6 Ng8 27. Rf1 bxc3
28. bxc3 Rbc8 29. Ref3 Qh4 30. Nb5 Nh6 31. Nd6 Rg8 32. Nxc4 Nxg4 33. Rg3 dxc4
34. Qf3 Qxg3+ 35. Qxg3 Nxe5 36. Qxg8+ Kxg8 37. Kf2 Kg7 38. Ke3 f5 39. Kd4 Kf6
40. Ra1 h5 41. Ra8 Ng6 42. Kxc4 f4 43. Kd3 Kf5 44. Ra5+ e5 45. c4 Ne7 46. c5
e4+ 47. Kc4 Nc6 48. Ra8 e3 49. Kd3 Ke5 50. Rh8 Nb4+ 51. Ke2 Nc2 52. Kd1 f3 53.
Rf8 e2+ 54. Kxc2 f2 55. Rxf2 e1=Q 56. Rd2 Qe4+ 57. Kd1 Qb1+ 58. Ke2 Qb5+ 0-1

[Event "14. Obert Int. Sant Marti 2012"]
[Site "Barcelona ESP"]
[Date "2012.07.15"]
[Round "3.33"]
[White "Vilalta Vidal, Javier"]
[Black "Zsinka, Laszlo"]
[Result "0-1"]
[WhiteElo "1942"]
[BlackElo "2291"]
[PlyCount "118"]
[EventDate "2012.07.13"]
[EventType "swiss"]
[EventRounds "9"]
[EventCountry "ESP"]
[SourceTitle "Ajedrez en Madrid"]
[Source "lmi"]
[SourceDate "2012.07.13"]
[SourceVersion "1"]
[SourceVersionDate "2019.06.21"]
[SourceQuality "1"]

1. e4 e5 2. Nf3 Nc6 3. d4 exd4 4. Nxd4 Bc5 5. Nxc6 Qf6 6. Qf3 bxc6 7. Be2 d6 8.
Nc3 Ne7 9. Qg3 Ng6 10. O-O Qe5 11. Qf3 h5 12. Na4 Bb6 13. Nxb6 axb6 14. Qe3 Ra4
15. Bd3 Bd7 16. Kh1 Qe7 17. c3 Ne5 18. Bc2 Ra5 19. Qg5 Qxg5 20. Bxg5 f6 21. Bd2
Ke7 22. a3 h4 23. h3 g5 24. f4 Nc4 25. Bc1 gxf4 26. Rxf4 Rg5 27. Rf2 Rg3 28.
Bf4 Rg7 29. Raf1 Rhg8 30. Bh6 Rg6 31. Bc1 Ne5 32. Bf4 Be6 33. Bxe5 fxe5 34. Bd3
R8g7 35. Kh2 Rg3 36. Be2 Re3 37. Bf3 Bc4 38. Rg1 Bd3 39. a4 Rf7 40. Rd2 Bxe4
41. Bxe4 Rxe4 42. a5 bxa5 43. Ra1 a4 44. Kg1 Rff4 45. Rf2 d5 46. Rd2 Ke6 47.
Rad1 Re3 48. Ra1 Rg3 49. Re2 Rd3 50. Rae1 e4 51. Ra1 e3 52. Rae1 Re4 53. Kf1 c5
54. Kg1 d4 55. cxd4 cxd4 56. Rc1 Kd6 57. Kf1 c5 58. Rec2 Re5 59. Ke2 Rb3 0-1

[Event "14. Obert Int. Sant Marti 2012"]
[Site "Barcelona ESP"]
[Date "2012.07.15"]
[Round "3.34"]
[White "Porta Tovar, Oriol"]
[Black "Uribe Arteaga, Daniel"]
[Result "0-1"]
[WhiteElo "1900"]
[BlackElo "2272"]
[PlyCount "70"]
[EventDate "2012.07.13"]
[EventType "swiss"]
[EventRounds "9"]
[EventCountry "ESP"]
[SourceTitle "Ajedrez en Madrid"]
[Source "lmi"]
[SourceDate "2012.07.13"]
[SourceVersion "1"]
[SourceVersionDate "2019.06.21"]
[SourceQuality "1"]

1. e4 g6 2. d4 Bg7 3. Nf3 c6 4. c3 d5 5. Nbd2 dxe4 6. Nxe4 Nd7 7. Bd3 Ngf6 8.
Nxf6+ Nxf6 9. O-O O-O 10. Re1 b6 11. Bg5 Bb7 12. Qe2 e6 13. Rad1 Qc7 14. Qe5
Qe7 15. Nd2 h6 16. Bh4 Rfd8 17. Qe3 g5 18. Bg3 c5 19. Nb3 Nd5 20. Qd2 Rac8 21.
dxc5 bxc5 22. Na5 Ba8 23. Qc1 Nb6 24. Ba6 Rxd1 25. Rxd1 Rd8 26. Nc4 f5 27. f4
Nd5 28. Ne5 Nxf4 29. Rxd8+ Qxd8 30. Bxf4 gxf4 31. Qxf4 Qd6 32. Ng6 Qxa6 33.
Qb8+ Kf7 34. Qxa8 Kxg6 35. Qe8+ Kh7 0-1

[Event "14. Obert Int. Sant Marti 2012"]
[Site "Barcelona ESP"]
[Date "2012.07.15"]
[Round "3.35"]
[White "Porta Tovar, Guillem"]
[Black "Paljusaj, Edmond"]
[Result "0-1"]
[WhiteElo "1846"]
[BlackElo "2334"]
[PlyCount "54"]
[EventDate "2012.07.13"]
[EventType "swiss"]
[EventRounds "9"]
[EventCountry "ESP"]
[SourceTitle "Ajedrez en Madrid"]
[Source "lmi"]
[SourceDate "2012.07.13"]
[SourceVersion "1"]
[SourceVersionDate "2019.06.21"]
[SourceQuality "1"]

1. e4 c5 2. Nf3 Nc6 3. d4 cxd4 4. Nxd4 Nf6 5. Nc3 e5 6. Ndb5 d6 7. Bg5 a6 8.
Na3 b5 9. Bxf6 gxf6 10. Nd5 Bg7 11. Qh5 Ne7 12. Nxe7 Qxe7 13. O-O-O Be6 14. Kb1
Rc8 15. c3 Qb7 16. Rxd6 Ke7 17. Qd1 Qxe4+ 18. Bd3 Qb7 19. Nc2 f5 20. Be2 Rhd8
21. Rd2 Bh6 22. Rxd8 Rxd8 23. Qf1 Rd2 24. f3 Bxa2+ 25. Kxa2 Rxc2 26. Bd3 Qd5+
27. Kb1 Rc1+ 0-1

[Event "14. Obert Int. Sant Marti 2012"]
[Site "Barcelona ESP"]
[Date "2012.07.15"]
[Round "3.36"]
[White "Tomov, Georgi"]
[Black "Molinero Martin, Joan"]
[Result "1-0"]
[WhiteElo "2263"]
[BlackElo "2046"]
[PlyCount "157"]
[EventDate "2012.07.13"]
[EventType "swiss"]
[EventRounds "9"]
[EventCountry "ESP"]
[SourceTitle "Ajedrez en Madrid"]
[Source "lmi"]
[SourceDate "2012.07.13"]
[SourceVersion "1"]
[SourceVersionDate "2019.06.21"]
[SourceQuality "1"]

1. Nf3 Nf6 2. c4 g6 3. Nc3 Bg7 4. e4 c5 5. d4 cxd4 6. Nxd4 Nc6 7. Nc2 O-O 8.
Be2 d6 9. Bd2 Be6 10. Qc1 Re8 11. O-O Rc8 12. Kh1 a6 13. f4 Bg4 14. Bd3 e5 15.
f5 gxf5 16. exf5 e4 17. Bh6 Bxh6 18. Qxh6 Kh8 19. Nxe4 Rxe4 20. Bxe4 Nxe4 21.
Rae1 Nf6 22. h3 Ng8 23. Qf4 Bh5 24. g4 Qh4 25. Kh2 Ne5 26. Re4 Bxg4 27. Qg3
Qxg3+ 28. Kxg3 Bh5 29. Ne3 f6 30. Rd4 Be2 31. Rc1 b5 32. Rc2 Bd3 33. Rc3 bxc4
34. Rxd6 Rb8 35. b3 cxb3 36. axb3 Nh6 37. Rdxd3 Nxd3 38. Rxd3 Rb5 39. Kf4 Rb4+
40. Kf3 Nf7 41. Ke2 Kg7 42. Nd5 Re4+ 43. Re3 Rxe3+ 44. Kxe3 Nd6 45. Nb4 a5 46.
Nc6 Nxf5+ 47. Kf4 Kg6 48. Nxa5 Nd4 49. b4 Kf7 50. Ke4 Nb5 51. Nc6 Nc7 52. Nd4
Kg6 53. b5 f5+ 54. Kf4 Kh5 55. Kg3 f4+ 56. Kg2 Nd5 57. Ne6 Kh4 58. Kf3 h6 59.
Nxf4 Nb6 60. Kg2 h5 61. Kh2 Kg5 62. Kg3 h4+ 63. Kf3 Kf5 64. Ng2 Kg5 65. Ne3 Na4
66. Nc4 Kf5 67. b6 Nc5 68. Na5 Nd7 69. b7 Nb8 70. Nc4 Ke6 71. Kg4 Kd5 72. Kxh4
Kxc4 73. Kg5 Kd5 74. h4 Nd7 75. h5 Kc6 76. b8=Q Nxb8 77. h6 Nd7 78. h7 Ne5 79.
Kf6 1-0

[Event "14. Obert Int. Sant Marti 2012"]
[Site "Barcelona ESP"]
[Date "2012.07.15"]
[Round "3.37"]
[White "Aranda Gonzalez, Jose"]
[Black "Tarrago Domingo, Miguel"]
[Result "1-0"]
[WhiteElo "2245"]
[BlackElo "2046"]
[PlyCount "95"]
[EventDate "2012.07.13"]
[EventType "swiss"]
[EventRounds "9"]
[EventCountry "ESP"]
[SourceTitle "Ajedrez en Madrid"]
[Source "lmi"]
[SourceDate "2012.07.13"]
[SourceVersion "1"]
[SourceVersionDate "2019.06.21"]
[SourceQuality "1"]

1. e4 c6 2. Nc3 d5 3. Nf3 dxe4 4. Nxe4 Nf6 5. Qe2 Nxe4 6. Qxe4 Qd5 7. Qe3 Bf5
8. d3 e6 9. Be2 Be7 10. Bd2 Bf6 11. c4 Qd6 12. d4 Nd7 13. O-O O-O 14. Rad1 Bc2
15. Rc1 Bg6 16. Rfd1 Rfe8 17. Bc3 Rac8 18. Ne5 Qe7 19. g3 Bxe5 20. dxe5 b6 21.
Rd6 Nc5 22. Bf3 Red8 23. Rcd1 Nb7 24. Rxd8+ Rxd8 25. Rxd8+ Nxd8 26. b4 Qd7 27.
Bd4 Nb7 28. Kg2 Qc7 29. c5 b5 30. Qa3 Nd8 31. Be3 h6 32. Qc3 Kf8 33. Qd4 Nb7
34. h4 Ke7 35. g4 a5 36. a3 a4 37. h5 Bc2 38. g5 hxg5 39. Bxg5+ Kf8 40. h6 gxh6
41. Bxh6+ Ke8 42. Bg5 Bb3 43. Qh4 Kd7 44. Qh8 Nd8 45. Bxd8 Qxd8 46. Bxc6+ Kc7
47. Qxd8+ Kxd8 48. Bxb5 1-0

[Event "14. Obert Int. Sant Marti 2012"]
[Site "Barcelona ESP"]
[Date "2012.07.15"]
[Round "3.38"]
[White "Ortega Serra, Marc"]
[Black "Jaramillo Ochoa, Mateo"]
[Result "1/2-1/2"]
[WhiteElo "2223"]
[BlackElo "2030"]
[PlyCount "63"]
[EventDate "2012.07.13"]
[EventType "swiss"]
[EventRounds "9"]
[EventCountry "ESP"]
[SourceTitle "Ajedrez en Madrid"]
[Source "lmi"]
[SourceDate "2012.07.13"]
[SourceVersion "1"]
[SourceVersionDate "2019.06.21"]
[SourceQuality "1"]

1. d4 Nf6 2. c4 g6 3. Nc3 Bg7 4. e4 d6 5. f4 O-O 6. Nf3 Na6 7. Bd3 Bg4 8. Be3
Nd7 9. h3 Bxf3 10. Qxf3 e5 11. fxe5 c5 12. O-O cxd4 13. Bxd4 Nxe5 14. Qe3 Nb4
15. Bxe5 Bxe5 16. Rad1 b6 17. Bb1 Kg7 18. a3 Nc6 19. b4 Rc8 20. Nb5 Qe7 21. Kh1
Nd8 22. Ba2 Ne6 23. Rd5 Rc6 24. Qd2 Qh4 25. Rxe5 dxe5 26. Qd5 Qg3 27. Qxc6 Nf4
28. Rxf4 exf4 29. Qd6 Qe1+ 30. Kh2 Qg3+ 31. Kh1 Qe1+ 32. Kh2 1/2-1/2

[Event "14. Obert Int. Sant Marti 2012"]
[Site "Barcelona ESP"]
[Date "2012.07.15"]
[Round "3.39"]
[White "Umudova, Nargiz"]
[Black "Masferrer Niubo, Enric"]
[Result "1-0"]
[WhiteElo "2210"]
[BlackElo "2000"]
[PlyCount "53"]
[EventDate "2012.07.13"]
[EventType "swiss"]
[EventRounds "9"]
[EventCountry "ESP"]
[SourceTitle "Ajedrez en Madrid"]
[Source "lmi"]
[SourceDate "2012.07.13"]
[SourceVersion "1"]
[SourceVersionDate "2019.06.21"]
[SourceQuality "1"]

1. e4 e5 2. Nf3 d6 3. d4 Nf6 4. dxe5 Nxe4 5. Bc4 c6 6. O-O d5 7. Bd3 Nc5 8. Nd4
Nxd3 9. Qxd3 Be7 10. Qg3 g6 11. Bh6 Qb6 12. c3 c5 13. Nf3 Qxb2 14. Nbd2 Bf5 15.
c4 d4 16. Nh4 Bc8 17. Ne4 Kd7 18. Bg5 Na6 19. Bxe7 Kxe7 20. Qg5+ Kf8 21. Qd8+
Kg7 22. Qf6+ Kg8 23. Ng5 Be6 24. Nxe6 fxe6 25. Qxe6+ Kg7 26. Qf6+ Kh6 27. Nf5+
1-0

[Event "14. Obert Int. Sant Marti 2012"]
[Site "Barcelona ESP"]
[Date "2012.07.15"]
[Round "3.40"]
[White "Montalban Galvez, Antoni"]
[Black "Severri Arrese, Carlos"]
[Result "1-0"]
[WhiteElo "2204"]
[BlackElo "1996"]
[PlyCount "91"]
[EventDate "2012.07.13"]
[EventType "swiss"]
[EventRounds "9"]
[EventCountry "ESP"]
[SourceTitle "Ajedrez en Madrid"]
[Source "lmi"]
[SourceDate "2012.07.13"]
[SourceVersion "1"]
[SourceVersionDate "2019.06.21"]
[SourceQuality "1"]

1. Nf3 d6 2. d4 g6 3. g3 Bg7 4. Bg2 Nf6 5. O-O O-O 6. c4 Nc6 7. Nc3 e5 8. d5
Ne7 9. e4 h6 10. Ne1 g5 11. b4 a5 12. Ba3 b6 13. bxa5 Rxa5 14. Bb4 Ra8 15. a4
Ba6 16. Nb5 Nd7 17. Nd3 Bxb5 18. cxb5 Nc5 19. a5 Qd7 20. Bxc5 dxc5 21. Qb3 Rfb8
22. a6 Nc8 23. f4 Qe7 24. Qc3 Nd6 25. fxe5 Nxb5 26. Qc4 Na7 27. Rf5 b5 28. Qxc5
Qxc5+ 29. Nxc5 b4 30. Rb1 Nc8 31. Nd7 Ne7 32. Nxb8 Nxf5 33. exf5 Rxb8 34. f6
Bf8 35. d6 cxd6 36. a7 Rc8 37. exd6 Bxd6 38. a8=Q Rxa8 39. Bxa8 h5 40. Kg2 Kh7
41. Be4+ Kh6 42. Rd1 Be5 43. Rd7 g4 44. Rxf7 Kg5 45. Rb7 Bc3 46. f7 1-0

[Event "14. Obert Int. Sant Marti 2012"]
[Site "Barcelona ESP"]
[Date "2012.07.15"]
[Round "3.41"]
[White "Ginesta Caballero, Olga Lucia"]
[Black "Franch Guiral, Ramon"]
[Result "1-0"]
[WhiteElo "2093"]
[BlackElo "1948"]
[PlyCount "69"]
[EventDate "2012.07.13"]
[EventType "swiss"]
[EventRounds "9"]
[EventCountry "ESP"]
[SourceTitle "Ajedrez en Madrid"]
[Source "lmi"]
[SourceDate "2012.07.13"]
[SourceVersion "1"]
[SourceVersionDate "2019.06.21"]
[SourceQuality "1"]

1. e4 e5 2. Nf3 d6 3. Bc4 Be7 4. d4 exd4 5. Nxd4 Nf6 6. Nc3 O-O 7. O-O Re8 8.
Re1 h6 9. h3 c6 10. a4 Bf8 11. Bf4 Nbd7 12. Nf3 Nc5 13. e5 dxe5 14. Nxe5 Be6
15. Qf3 Bxc4 16. Nxc4 Rxe1+ 17. Rxe1 Be7 18. Rd1 Qc8 19. Nd6 Bxd6 20. Bxd6 Ncd7
21. Re1 c5 22. Re7 Qc6 23. Ne4 Re8 24. Nxf6+ Nxf6 25. Qxc6 bxc6 26. Rxe8+ Nxe8
27. Bxc5 a6 28. Kf1 f5 29. Ke2 Kf7 30. Kd3 Ke6 31. Kc4 Nc7 32. Bf8 Kf7 33. Bd6
Ne6 34. Kb4 Ke8 35. Ka5 1-0